Principles of micro-economics

Đã lưu trong:
Bibliografiske detaljer
Hovedforfatter: Frank, Robert H
Format: Bog
Sprog:Vietnamese
Udgivet: McGraw - Hill Irwin 2004
Tags: Tilføj Tag
Ingen Tags, Vær først til at tagge denne postø!
Thư viện lưu trữ: Mạng thư viện Đại học Đà Nẵng
LEADER 00636nam a2200253 4500
001 000020455
003 16901
005 20150319140346.0
008 150319s2004 viesd
020 |c 000 
041 0 |a vie 
082 1 4 |a 338.5  |b FR-R 
100 1 |a Frank, Robert H 
245 1 0 |a Principles of micro-economics  |c Robert H. Frank, Ben S. Bernanke. 
260 |b McGraw - Hill Irwin  |c 2004 
300 |a tr.  |c cm. 
OWN |a LSP 
999 |a From the UDN01 
TYP |a Monograph 
TYP |a Printed language 
980 |a Mạng thư viện Đại học Đà Nẵng